000 00344nam a2200133Ia 4500
008 210210b2004 xxu||||| |||| 00| 0 eng d
082 _a398.2K PUVP
100 _aPUVAPPA KANIYUR.
245 _aPokare mattu ithara janapadiya lekhanagalu.
260 _aMaisuru
_bRaj Prakashana
_c2004
300 _a146
690 _aFolklore
906 _a060096
999 _c106678
_d106678